Britain and developing countries: community development (Record no. 488761)

000 -LEADER
fixed length control field 00494cam a22001217a 4500
008 - FIXED-LENGTH DATA ELEMENTS--GENERAL INFORMATION
fixed length control field 180718b1966 xxu||||| |||| 00| 0 eng d
082 ## - DEWEY DECIMAL CLASSIFICATION NUMBER
Classification number B136 Un3b
245 ## - TITLE STATEMENT
Title Britain and developing countries: community development
Statement of responsibility, etc. by Reference Division, Central Office of Information
260 ## - PUBLICATION, DISTRIBUTION, ETC.
Place of publication, distribution, etc. London
Name of publisher, distributor, etc. Her Majesty's Stationery Office
Date of publication, distribution, etc. 1966
300 ## - PHYSICAL DESCRIPTION
Extent 39p.
440 ## - SERIES STATEMENT/ADDED ENTRY--TITLE
Title Central Office of Information Reference Pamphlet 76
700 ## - ADDED ENTRY--PERSONAL NAME
Personal name United Kingdom. Central Office of Information. Reference Division
Holdings
Withdrawn status Lost status Damaged status Not for loan Permanent Location Current Location Date acquired Full call number Barcode Date last seen Price effective from Koha item type
        Indian Institute of Public Administration Indian Institute of Public Administration 2018-08-04 B136 Un3b GG6147 2018-08-04 2018-08-04 GG

Powered by Koha